| 000 | nam a22 7a 4500 | ||
|---|---|---|---|
| 999 |
_c153546 _d153544 |
||
| 005 | 20200110145116.0 | ||
| 008 | 200110b sp ||||| |||| 00| 0 spa d | ||
| 020 | _a849767930X | ||
| 050 | 0 | 4 |
_aKKT3506 _bL59 2005 |
| 100 | 1 | _aLizarraga Vizcarra, Isabel | |
| 245 | 1 | 3 |
_aEl derecho de rectificación _c/ Isabel Lizarraga Vizcarra. |
| 250 | _a1a ed. | ||
| 260 |
_aNavarra, España : _bThomson : _bAranzadi, _c2005 |
||
| 300 |
_a172 p. ; _c21 cm. |
||
| 490 | 0 |
_aMonografías Aranzadi ; _v79 |
|
| 504 | _aBibliografía : 169-172 | ||
| 650 | 4 |
_aDerecho de réplica _zEspaña |
|
| 942 |
_2lcc _cLIB |
||